Normal view
MARC view
Entry Personal Name
001 - CONTROL NUMBER
- control field: 60143
003 - CONTROL NUMBER IDENTIFIER
- control field: OSt
005 - DATE AND TIME OF LATEST TRANSACTION
- control field: 20260421151732.0
008 - FIXED-LENGTH DATA ELEMENTS
- fixed length control field: 260421|| aca||aabn | a|a d
040 ## - CATALOGING SOURCE
- Original cataloging agency: OSt
- Transcribing agency: OSt
100 ## - HEADING--PERSONAL NAME
- Personal name: Chamma, Desalegn Dawit
670 ## - SOURCE DATA FOUND
- Source citation: Work cat.: (OSt): Chamma, Desalegn Dawit , Climate change and economic growth in sub-Saharan Africa: An empirical analysis of aggregate- and sector-level growth
